| 000 | 00716cam5a220024100 4500 | ||
|---|---|---|---|
| 001 | qce00973305 | ||
| 005 | 20190830103922.0 | ||
| 008 | 750423s1964 ilua b 000 0 eng | ||
| 010 | _a 64014066 | ||
| 035 | _a(Sirsi) r68397 | ||
| 035 | _a(QCAT)lss00807565 | ||
| 035 | _a(UPRA)qce00973305 | ||
| 040 | _dUPRA | ||
| 050 | 0 |
_aRM301 _b.S63 |
|
| 082 | _a615.7 | ||
| 100 | 1 |
_aSoffer, Alfred. _6A29470.1 |
|
| 245 | 1 | 0 |
_aChelation therapy / _cby Alfred Soffer ; co-authors: Maynard Chenoweth [and others]. |
| 260 |
_aSpringfield, IL : _bThomas, _c[c1964] |
||
| 504 | _aIncludes bibliographies. | ||
| 650 | 0 |
_aChelation therapy. _6S21322.1 |
|
| 949 |
_aRM301 _wlcc _i-91772 _mMAIN _tBOOK _lON-SHELF |
||
| 004 | 68397 | ||
| 999 |
_c185087 _d185087 |
||